History Quiz

Random History or Famous Quiz

Time Person of the Year Quiz Stats

 Plays Quiz Updated Jan 11, 2019

Score 0/92 Timer 10:00
0 Plays Today
Year Person(s) % Correct
2012Barack Obama
93.5%
2000George W. Bush
88.3%
2004George W. Bush
88.3%
2016Donald Trump
87.4%
1990The Two George Bushes
87%
1992Bill Clinton
84.7%
1998Bill Clinton and Kenneth Starr
83.7%
1961John F. Kennedy
82.9%
1932Franklin D. Roosevelt
79.6%
1934Franklin D. Roosevelt
79.6%
1941Franklin D. Roosevelt
79.6%
1983Ronald Reagan & Yuri Andropov
79.4%
1980Ronald Reagan
79.3%
2008Barack Obama
79%
1972Richard Nixon and Henry Kissinger
76.4%
1971Richard Nixon
75.6%
1938Adolf Hitler
74.1%
1976Jimmy Carter
70.9%
1944Dwight Eisenhower
68.8%
1959Dwight Eisenhower
68.8%
1964Lyndon B. Johnson
65.1%
1967Lyndon B. Johnson
65.1%
1948Harry Truman
63.9%
1945Harry Truman
63.9%
1933Hugh Samuel Johnson
63%
2005Bill Gates, Melinda Gates, & Bono
58.6%
1940Winston Churchill
57.2%
1949Winston Churchill
57.2%
1939Joseph Stalin
57.1%
1942Joseph Stalin
57.1%
1996Dr. David Ho
54%
Year Person(s) % Correct
2015Angela Merkel
46.8%
1987Mikhail Gorbachev
46.3%
1989Mikhail Gorbachev
46.3%
2006You
45.6%
1930Mahatma Gandhi
45%
1963Martin Luther King Jr.
44.6%
2007Vladimir Putin
36.7%
2013Pope Francis
30.7%
1957Nikita Khrushchev
25.1%
2018The Guardians
22.4%
1958Charles De Gaulle
20.2%
1927Charles Lindbergh
20.1%
1994Pope John Paul II
19.7%
2017The Silence Breakers
19.3%
2014The Ebola fighters
19.2%
1982The Computer
18.6%
2003The American Soldier
18.3%
1952Elizabeth II
18.2%
1943George Marshall
17.6%
1947George Marshall
17.6%
2001Rudolph Giuliani
17.1%
2011The Protester
16.4%
1977Anwar Sadat
16.3%
1979Ayatollah Khomeini
14%
1995Newt Gingrich
11.7%
1975American Women
11%
1936Wallis Simpson
10.3%
2002The Whistleblowers
10.2%
1981Lech Walesa
9.7%
1985Deng Xiaoping
9.4%
1978Deng Xiaoping
9.3%
Year Person(s) % Correct
2010Mark Zuckerberg
9.3%
1968Astronauts Anders, Borman and Lovell
8.6%
1988Endangered Earth
8.1%
1937Soong May-ling & Chiang Kai-Shek
7.8%
1991Ted Turner
7.6%
1962Pope John XXIII
7.6%
1950American Fighting-Man
7.3%
1970Willy Brandt
7.3%
1999Jeff Bezos
7.3%
1928Walter P. Chrysler
7.1%
1966Twenty-Five and Under
6.8%
1965General William Westmoreland
6.8%
1969The Middle Americans
6.8%
1993The Peacemakers
6.6%
1929Owen D. Young
6.6%
1956Hungarian Freedom Fighter
6.6%
1960U.S. Scientists
6.6%
1953Konrad Adenauer
6.6%
1954John Foster Dulles
6.5%
2009Ben Bernanke
6.2%
1986Corazon Aquino
5.9%
1935Haile Selassie
5.6%
1974King Faisal
4.9%
1931Pierre Laval
4.7%
1984Peter Ueberroth
4.7%
1973John J. Sirica
4.6%
1951Mohammed Mossadegh
4.5%
1997Andy Grove
4.3%
1946James F. Byrnes
4.1%
1955Harlow Curtice
3.6%

You're not logged in!

Compare scores with friends on all Sporcle quizzes.
OR
Log In

Show Comments

Extras

Top Quizzes Today


Score Distribution

Your Account Isn't Verified!

In order to create a playlist on Sporcle, you need to verify the email address you used during registration. Go to your Sporcle Settings to finish the process.

Report this User

Report this user for behavior that violates our Community Guidelines.

Details: